Social movements, 1768-2004

Na minha lista:
Detalhes bibliográficos
Autor principal: Tilly, Charles
Formato: Livro
Idioma:inglês
Publicado em: Boulder Paradigm Publishers 2004
Assuntos:
Tags: Adicionar Tag
Sem tags, seja o primeiro a adicionar uma tag!

MARC

LEADER 00000nam a2200000 4500
001 0226885
005 20240306135335.3
020 |a 1-59451-043-1 
041 0 |a eng 
044 |a US 
245 1 0 |a Social movements, 1768-2004  |c Charles Tilly 
264 1 |a Boulder  |b Paradigm Publishers  |c 2004 
300 |a 194 s. 
610 2 0 |a spoločnosť 
610 2 0 |a procesy sociálno-ekonomické 
610 2 0 |a vývoj 
610 2 0 |a politika 
610 2 0 |a demonštrácie 
610 2 0 |a hnutie revolučné 
610 2 0 |a hnutie robotnícke 
610 2 0 |a vojny 
610 2 0 |a história 
100 1 |a Tilly, Charles